000 00989na a2200289 4500
001 22261
003 MIRAKIL
005 20181226092844.0
008 170212b tu n0 0 0
035 _a20919
040 _aMilas
_btur
_cTR-AnCHP
041 _atur
090 _a050 DER 55
222 _aYeni gündem
245 _aYeni gündem
260 _aİstanbul
_bİletişim
_c1984-1988
300 _a7 c.
_bres.
_c28 sm.
310 _aHaftalık
321 _a2 haftada bir kez
_b1 Mayız 1984 - 9 Mart 1986
362 _ayıl 2, sayı 1 (10-16 Mart 1986)- yıl 4, sayı 96 (3 Ocak 1988)
500 _aMevcut sayılar: (1-13) Mart 1986; (14-26)Haziran 1986; (27-39)Eylül 1986;(40-52)Aralık 1986; (53-66)Mart 1987; (67-79)Haziran 1987; (80-96)Eylül 1987
650 _aSiyaset ve yönetim
_vSüreli yayınlar
_xAktüalite
_zTürkiye
650 _aGazetecilik
_vSüreli yayınlar
_zTürkiye
710 _aİletişim Yayınları
910 _aDERGİ 55
942 _2ddc
_cSER
999 _c11421
_d11421